00457nam a2200157Ia 4500008004100000040001900041041001200060082002600072100002400098245004800122260003900170300002700209650002300236651002000259850002000279131103s9999 xx 000 0 und d aLoreto College aEnglish a808.5/MACbLCBED/5407 aMcallister, Anne H. aSteps in Speech trainingcAnne H.Mcallister aLondonbUniversity of londonc1955 a80p.b picturec 18cm. aEnglish literature aSpeech training aLCBED/808.5/MAC